000 00462nam a22001697a 4500
005 20251108170020.0
008 250721s9999 xx 000 0 ara d
082 1 4 _aط/ق/كيل
100 1 _aكيلاني، كامل
245 1 0 _aالأمير مشمش /
264 1 _aتونس :
_bالشركة التونسية،
_c[19-].
300 _a20ص
490 0 _aعجائب القصص
650 1 7 _aالقصص العربية
942 _2ddc
_cBK
999 _c37484
_d37484